000 00816cam a2200253 a 4500
001 000009346
005 20200929161549.0
008 931206s1993 ck 001 j spa
020 _a9586121240
035 _a(DLC) 93239411
040 _aDO-SdBNP
_cDLC
082 _aC863.44
_bT871v
100 1 _aTruque, Carlos A.
_q(Carlos Arturo),
_d1927-1970.
_924110
245 1 0 _aVivan los compañeros /
_cCarlos A. Truque.
260 _aSantafé de Bogotá, (Colombia) :
_bColcultura,
_c[1993].
300 _a101 p. ;
_c20 cm.
490 1 _aBiblioteca del Darién
_v5
500 _aInstituto Colombiano de Cultura,
650 4 _aCuentos colombianos
_921475
650 4 _aLiteratura colombiana
_ySIGLO XX
_914409
830 0 _aBiblioteca del Darién ;
_v5
_917253
910 _aCatalogación Por copia /LC
049 _aBNGR
999 _c9106
_d9106